01057 2200373 4500001002100000005001500021035002500036007000300061008004100064020002200105040001700127082001400144084001400158090002100172090002100193100001600214245009600230250001100326260005000337300003700387500002500424650001100449700001800460700002500478850001200503999002100515999002100536990002100557990002100578990002100599990002100620990002100641990002100662YOGYA00000000009888720220701113207 a0010-021400000000398ta140218s2013 yoi g ind d a978-602-9431-24-7 aYOPDYOGbind 2[22]a530 a530 TRI b aCB-D.11 2013-547 aCB-D.11 2013-548 aTri Wahyudi aBuas fisika untuk SMA/MA /cTri Wahyudi dan Widyaningrum ; penyunting, Danang Budi Nurcahyo aCet. 1 aYogyakarta. :bJogja Bangkit Publisher,c2013 avii, 183 hlm. :bilus. ;c24 cm. aBibliogafi : hlm 183 aFisika aWidya Ningrum aDanang Budi Nurcahyo aYOPDYOG aCB-D.11/2013-548 aCB-D.11/2013-547 aCB-D.11/2013-547 aCB-D.11/2013-548 aCB-D.11/2013-548 aCB-D.11/2013-547 aCB-D.11/2013-547 aCB-D.11/2013-548